[Event "FIDE World Cup"]
[Site "Baku"]
[Date "2015.09.11"]
[Round "1.1"]
[White "Nisipeanu, Liviu Dieter"]
[Black "Anton Guijarro, David"]
[Result "1-0"]
[WhiteElo "2678"]
[BlackElo "2628"]
[Annotator "Marin,M"]
[PlyCount "81"]
[EventDate "2015.09.11"]
[EventType "k.o."]
[EventRounds "7"]
[EventCountry "AZE"]
[SourceTitle "CBM 169"]
[Source "ChessBase"]
[SourceDate "2015.11.10"]
[SourceVersion "1"]
[SourceVersionDate "2015.11.10"]
[SourceQuality "1"]

1. e4 e6 2. d4 d5 3. Nd2 Be7 ({It is useful to compare the line played in the
game with:} 3... Nf6 4. e5 Nfd7 5. Bd3 c5 6. c3 b6 7. Ne2 Ba6 8. Bxa6 Nxa6 9.
O-O (9. Nf3 Be7 10. Ng3 {would transpose to our main game, but White can
deploy his knights more actively.}) 9... Nc7 10. Nf4 {[%cal Gd1g4,Gf4h5]}) 4.
Ngf3 Nf6 5. e5 Nfd7 6. Bd3 c5 7. c3 b6 $5 {The white knights' development in
this line is a bit unnatural and Black has several ways of trying to take
advantage of it. It is known that grabbing the d4-pawn with ...Nc6 and ...Qb6
is dangerous. But the plan played in the game may be a safe positional
alternative given the differences with respect to White's main line explained
above.} 8. Nf1 {It makes sense transferring the knight to g3 before castling.
Even though Rfe1 is a generally useful move, White may well wish to play it
after completing his development.} ({White cannot really prevent the exchange
of bishops with} 8. Qe2 a5 9. O-O (9. a4 {Adams,M (2698)-Nakamura,H (2715)
London 2009 CBM 134 [Erenburg,S] (1/2-1/2, 60)}) 9... Ba6 10. c4 {This early
activity is likely to bounce back.} Nc6 11. cxd5 Bxd3 12. Qxd3 exd5 {Black has
got a wonderful blocking square on e6 and White has not enough development to
prevent ...Nf8-e6 under favourable circumstances.} 13. dxc5 (13. Qb5 Rc8 14.
dxc5 bxc5 15. Nb3 Qb6 16. Qe2 Nf8 17. Ng5 Bxg5 18. Bxg5 Ne6 19. Be3 a4 $17 {
Sutovsky,E (2673)-Arizmendi Martinez,J (2571) Legnica 2013 (0-1, 40)}) 13...
Nxc5 14. Qf5 Qc8 15. Qh5 h6 16. e6 {This does not achieve much but White
obviously could not stand the idea of a blocking knight on e6.} Qxe6 17. Re1
Qd7 18. Ne5 Nxe5 19. Rxe5 Rd8 20. Nf1 Nd3 21. Re3 Nxc1 22. Rxc1 O-O $17 {
Durarbayli,V (2630)-Markowski,T (2574) Warsaw 2015 (0-1, 69)}) (8. O-O Ba6 9.
Bxa6 Nxa6 10. Re1 {[%cal Gd2f1,Gf1g3] more or less wastes a tempo in the short
term.} b5 (10... O-O 11. Nf1 Qc7 12. Ng3 Rac8 13. Be3 Qb7 14. a3 b5 15. b3 cxd4
16. cxd4 Rc6 17. Qd3 Rfc8 $132 {Solak,D (2607)-Rombaldoni,A (2488) Jerusalem
2015 (1-0, 35)}) 11. a3 Qb6 12. Nf1 c4 13. h4 h6 14. h5 Nc7 15. Ng3 a5 $132 {
Timofeev,A (2658)-Nepomniachtchi,I (2602) Dresden 2007 (½-½, 66)}) 8... Ba6
9. Bxa6 Nxa6 10. Ng3 b5 {At least in conjunction with the next move this pawn
attack looks premature.} (10... h5 $6 {, trying to restrict the g3-knight,
cannot be recommended} 11. O-O ({A simpler way is} 11. h4 $14 {[%cal Gc1g5]
followed by the gradual invasion of the kingside dark squares.}) 11... h4 12.
Ne2 h3 13. g3 b5 {Ortiz Suarez,I (2612)-Cruz,C (2499) Barcelona 2013 (½-½,
61), With the h3-pawn more of a source of worries than a threat, White should
still be a bit better.}) ({In practice nobody has yet tried} 10... O-O {
but abstractly this may be the most flexible continuation, keeping all the
possible queenside plans in reserve.} 11. O-O Nc7 12. Nh5 c4 13. Qd2 Kh8 14.
Qf4 Rg8 15. Bd2 b5 {The king's position looks uncomfortable, but if White does
not find any concrete attacking plan the queenside pawn storm may become
threatening.}) 11. O-O Nab8 $6 $146 {Since Black planned this anyway, the
natural question is why didn't he transfer his knight to c6 before advancing
the b-pawn.} (11... b4 {is more consequent and has worked out well in practice,
but White has at least two ways to question Black's stability in the centre.}
12. Qa4 $6 (12. dxc5 $5 {Planning to meet any capture on c5 with cxb4 and a3,
b4.} bxc3 13. c6 $1 {This pawn is doomed anyway, but to retrieve it Black will
have to weaken the kingside defence.} Ndc5 14. bxc3 Rc8 15. Nd4 Nb8 16. Qg4 $36
) (12. c4 $5 dxc4 $140 $6 13. d5 $36) 12... Qc8 (12... Qb6 $2 {leaves the
d7-knight undefended. After} 13. Nh5 $1 {Black cannot castle so he has to
weaken the f6-square.} g6 14. Nf6+ Bxf6 15. exf6 h6 16. Ne5 $16 {Ortiz Suarez,
I (2572)-Rakhmanov,A (2603) Havana 2012 (1/2-1/2, 59)}) 13. cxb4 {Azarov,S 
(2667)-Nyzhnyk,I (2562) Warsaw 2011 (1-0, 37)} Nxb4 14. dxc5 a5 $132) (11... c4
{looks playable.} 12. a3 Nb6 $6 {this weakens the kingside defence without
really bringing in anything positive.} (12... Nc7 13. Qd2 O-O 14. Qf4 Kh8 {
transposes to a line above.}) 13. Qd2 h6 14. Qf4 g6 15. h4 h5 16. Ne2 Nb8 17.
Qg3 Kd7 18. Bg5 $14 {Pavasovic,D (2575)-Franic,M (2402) Zadar 2006 (1-0, 53)})
12. a4 $1 {Nisipeanu,L (2675)-Jussupow,A (2583) Bundesliga 0304 2003 (11.2)
1-0 To Dieter this must have brought back pleasant memories after the game}
cxd4 {After his counter-developing knight move, Black has problems keeping his
stability.} (12... bxa4 13. Qxa4 O-O 14. dxc5 Nxc5 15. Qg4 $36) (12... b4 13.
cxb4 cxd4 (13... cxb4 14. Qd3) 14. b5 {does not offer Black enough for the
pawn.}) 13. axb5 (13. Qxd4 $5 {[%cal Gd4g4,Gg3h5] is simpler but White prefers
to play on both wings..}) 13... dxc3 14. bxc3 Qc7 $6 ({Since White has
weakened his queenside, Black could castle with chances for counterplay:} 14...
O-O $5 15. Qd4 Qb6 16. Qg4 Rc8 17. Nh5 g6 18. Bg5 Bf8 {[%cal Gb6b5,Gb5c4,Gc8c4,
Gb8c6]}) ({Changing the move order is not possible:} 14... Qb6 $6 15. Nf5 $16
exf5 $2 16. Qxd5 {[%csl Ga8] With the queen on c7 Black would have ...Nb6
defending the rook.}) 15. Qd4 g6 16. c4 $5 {Again a creative solution.} ({
But the simple} 16. Bh6 {keeping the king in the centre with queens on the
board may be better.}) 16... Qxc4 (16... dxc4 17. Ne4 O-O 18. Ba3 $16 {[%csl
Rb8,Gd6,Gf6]}) 17. Qxc4 dxc4 18. Be3 {White is better developed. Retrieving
the c-pawn is a matter of time and the a-pawn is in great danger.} Nc5 (18...
a5 19. Rfc1 $16 {[%cal Gc1c4,Gb5b6]}) 19. Nd4 $6 {[%csl Gb3] Too mild. White
should have attacked the c-pawn at once.} (19. Nd2 c3 (19... a5 20. Nxc4 a4 21.
Bxc5 Bxc5 22. Ne4 $16) 20. Nde4 Nbd7 21. b6 a5 22. Rfb1 $36) (19. Rac1 {
(Only not the other rook, due to the fork on b3)} O-O 20. Rxc4 Nbd7 21. Bxc5
Nxc5 22. Nd4 $16) 19... O-O $6 {Returning the offered tempo.} (19... a5 $1 20.
Rfc1 (20. bxa6 Rxa6 $11) 20... Nbd7 21. Rxc4 Nxe5) 20. Rfc1 $14 Nd3 (20... Nb3
21. Nxb3 cxb3 22. Rab1 Nd7 23. Rc7 Rfd8 24. Rxb3) 21. Rxc4 Nxe5 22. Rc7 Bd8 $6
{This not only fails to do anything for the development but also obstructs the
f8-rook.} (22... Nbd7 $1 23. Nc6 (23. Raxa7 Rxa7 24. Rxa7 Bc5) 23... Bd6 24.
Rcxa7 Rxa7 25. Rxa7 Nf6 26. Nxe5 Bxe5 $14 {[%cal Gf6d5]}) 23. Rcxa7 Rxa7 24.
Rxa7 Nc4 25. Ne4 {With his knight immobile on b8, Black is as good as lost.} e5
({Spoiling the white structure does not help Black:} 25... Nxe3 26. fxe3 e5 (
26... Bb6 27. Rb7 Bxd4 28. exd4 $18 {[%csl Gb5,Gb8]}) 27. Nc6 Bb6 28. Rb7 Bxe3+
29. Kf1 Nxc6 30. bxc6 f5 31. Ng5 (31. Nd6 Bc5 32. Nb5 Bb4 33. c7 Ba5 {So,W 
(2773)-Vachier Lagrave,M (2744) FIDE World Cup 2015 (4.2) 0-1 allows Black to
give up his bishop for the pawn. True this ending also looks close to losing
especially if we refer to the game from this same CBM issue}) 31... Bxg5 32. c7
$18 {[%cal Gb7b8]}) (25... Bb6 {allows a decisive attack:} 26. Nf6+ Kg7 (26...
Kh8 27. Rb7 {[%csl Gh7][%cal Gd4e6]} Bxd4 28. Bxd4 e5 29. Bc5 Rd8 30. Kf1 Kg7
31. Be7 Rc8 {[%csl Gb8]} 32. Nd5 $18 {[%cal Ge7f6]}) 27. Nxe6+ Kxf6 28. Nxf8
Bxa7 29. Bxa7 Ke7 30. Nxg6+ fxg6 31. Bxb8 $18) 26. Bh6 Re8 27. Nc6 Nxc6 28.
bxc6 {The knight has disappeared but the c-pawn has become unstoppable.} Be7
29. h3 f6 30. Nc3 Nb6 31. Be3 Nc8 {The other knight has landed in a bad
situation now, but otherwise the c-pawn would have advanced unhindered.} 32.
Rd7 f5 33. Nd5 f4 34. Bd2 Bg5 35. g3 Re6 36. h4 Bxh4 (36... Be7 37. Nxe7+ Nxe7
38. c7 $18) 37. gxh4 Rxc6 38. Bc3 Nb6 39. Ne7+ Kf7 40. Nxc6+ Nxd7 41. Nxe5+ 1-0

[Event "GBR-ch 97th"]
[Site "Canterbury"]
[Date "2010.08.05"]
[Round "10"]
[White "Pert, Richard G"]
[Black "Rendle, Thomas"]
[Result "1-0"]
[WhiteElo "2460"]
[BlackElo "2391"]
[Annotator "Martin,A"]
[PlyCount "77"]
[EventDate "2010.07.26"]
[EventType "swiss"]
[EventRounds "11"]
[EventCountry "ENG"]
[SourceTitle "CBM 137 Extra"]
[Source "ChessBase"]
[SourceDate "2010.09.01"]
[SourceVersion "1"]
[SourceVersionDate "2010.09.01"]
[SourceQuality "1"]

1. e4 e6 2. d4 d5 3. Nd2 Be7 4. Bd3 c5 5. dxc5 Nf6 6. Qe2 Nc6 7. Ngf3 Nb4 8.
O-O Nxd3 9. cxd3 Bxc5 10. Nb3 Be7 11. Bg5 Qb6 $6 {It is hard to believe that
this is a mistake, but from now on Pert develops an enduring initiative. It
appears that Black must force a decision with 11...h6, preempting e4-e5.} 12.
e5 $1 Ng8 13. Be3 Qb4 14. Nfd4 {The biggest danger to Black now is the pawn
lever f4-f5. Rendle tries to stop it.} Nh6 15. Rac1 Nf5 (15... O-O {leaves
Black with the same predicament after} 16. Rc7 $1 Bd8 (16... Re8 17. Bxh6 gxh6
18. Qg4+ Kh8 19. Rfc1 $18) 17. Rc3 Bb6 (17... f6 18. Rfc1 $18) 18. Qd2 Ng4 19.
Rxc8 $1) 16. Nxf5 exf5 17. Rc7 $1 ({Good, but not quite as strong is} 17. Bc5
Bxc5 18. Rxc5 {when Black also has to suffer.}) 17... Bd8 18. Rc3 b6 19. Nd4
O-O 20. a3 Qa4 21. Qf3 Qd7 22. Rfc1 {Flawless play by White over the past ten
moves. Black has been driven passive and cannot free himself.} Re8 23. Qg3 Bb7
(23... g6 24. h4 Bb7 25. h5 $18) 24. e6 $1 Rxe6 (24... fxe6 25. Rc7) (24... Qe7
25. Nxf5) 25. Nxe6 Qxe6 26. Bd4 $18 {Even the coming short, technical phase is
handled perfectly.} g6 27. Qe5 Qxe5 28. Bxe5 f6 29. Bc7 Ba6 (29... Be7 30. Bxb6
axb6 31. Rc7) 30. Bxd8 Rxd8 31. d4 Re8 32. Re3 $1 Re4 33. Rxe4 fxe4 34. Rc7 f5
35. Rxa7 Bc4 36. Rb7 b5 37. b3 Bxb3 38. Rxb5 Bc4 39. Rb7 {A superb game by
White} 1-0

[Event "Metz op 31th"]
[Site "Metz"]
[Date "2013.04.24"]
[Round "4"]
[White "Dgebuadze, Alexandre"]
[Black "Bellahcene, Bilel"]
[Result "1-0"]
[WhiteElo "2515"]
[BlackElo "2367"]
[Annotator "Metz Alekhine/Primel,D"]
[PlyCount "61"]
[EventDate "2013.04.20"]
[EventType "swiss"]
[EventRounds "9"]
[EventCountry "FRA"]
[SourceTitle "EXT 2016"]
[Source "ChessBase"]
[SourceDate "2015.10.08"]
[SourceVersion "1"]
[SourceVersionDate "2015.10.08"]
[SourceQuality "1"]
[TimeControl "40/5400:1800+30"]
[WhiteClock "1:30:00"]
[BlackClock "1:30:00"]

1. e4 e6 2. d4 d5 3. Nd2 Be7 4. c3 {79 le GMI n'avait pas prévu cette
variante Be7 et il commence à réfléchir} c5 5. dxc5 $1 {Profitant du fait
que le Bf8 a déjà joué.} (5. e5 Nc6 6. Bd3 cxd4 7. cxd4 Qb6 8. Ndf3 Bd7 9.
Ne2 Nb4 10. Bb1 Bb5 11. O-O (11. Nc3) 11... Qa6 12. Re1 Nd3 $36) 5... Nf6 (5...
Bxc5 6. Bd3 Nf6 7. Qe2 Qc7 (7... Nc6 8. Ngf3 O-O) 8. Ngf3 O-O 9. O-O Nbd7 10.
Bc2 b6 11. exd5 exd5 12. Nb3 Re8 13. Qd3 a5 14. Nxc5 bxc5 15. Re1 Rxe1+ 16.
Nxe1 Ba6 17. Qd1 Re8 18. Nd3 Qb6 19. h3 h6 20. Rb1 Bc4 21. a4 Ne4 22. Bd2 Bxd3
23. Bxd3 Nxf2 24. Qf3 Nxd3 25. Qxd3 c4+ 26. Qd4 Re2 27. Rd1 Qxb2 28. Qxd5 Qc2
29. Bf4 Rxg2+ 30. Kh1 Re2 31. Rg1 Qd3 32. Qxd3 cxd3 33. Bxh6 d2 34. Rxg7+ Kh8
35. Rg1 {McShane,L (2697)-Rapport,R (2676) Germany 2014 0-1}) 6. exd5 Qxd5 {
la position rappelle un peu les thèmes de l'Alapin} 7. Ngf3 {74} (7. b4 $5 a5
8. Ngf3 Nc6 9. Bc4 $14 Qh5 {Sermek,D (2595)-Reefat,B (2450) Dhaka New White
Plus op 2002 (3) 1-0}) 7... Bxc5 {88} (7... Qxc5 8. Bd3 O-O 9. Qe2 $14) 8. Bc4
Qd7 $146 {[%csl Rc8] Une nouveauté assez douteuse} (8... Qh5 $142 9. Qe2 Nc6
10. Nf1 Bd6 11. Ng3 Bxg3 $11 {Orlov,A (2518)-Poetsch,H (2395) BL2-West 1011
2010 (5.3) 1/2}) 9. Qe2 O-O 10. Nb3 {71} Bd6 11. Bg5 Qc7 12. Nbd4 a6 {70} (
12... Nbd7 13. Nb5) 13. Bxf6 gxf6 14. Bd3 $14 {[%csl Rg8,Rh7]} Bf4 $1 {[%cal
Gf4h6] Ramène une pièce en défense} 15. g3 {[%emt 0:00:32]} Bh6 {63} 16. Qe4
f5 17. Qh4 $36 Bg7 18. g4 $1 {Profitant du fait que les Blancs n'ont pas
encore roqué} Qd8 19. gxf5 Qxh4 20. Nxh4 Bxd4 21. Rg1+ $1 Kh8 (21... Bg7 22.
f6) 22. cxd4 exf5 23. O-O-O $16 Rd8 24. Bc4 $32 b5 $2 {Accentue le retard de
développement} (24... Be6 $142 25. Bd3 (25. Bxe6 fxe6 {[%csl Rd4]} 26. d5 exd5
27. Nxf5 Nc6 $11) 25... Nc6 $132) 25. Bxf7 {[%csl Rh8]} Ra7 26. Bb3 Rad7 27.
Rg5 Nc6 28. Rdg1 $40 {[%csl Rg8]} Ne7 29. Nf3 Ng6 30. Ne5 Rc7+ 31. Kb1 1-0

[Event "Moscow Aeroflot op-A"]
[Site "Moscow"]
[Date "2003.02.16"]
[Round "6"]
[White "Zagrebelny, Sergey"]
[Black "Morozevich, Alexander"]
[Result "0-1"]
[WhiteElo "2540"]
[BlackElo "2678"]
[Annotator "Mueller,Karsten"]
[PlyCount "66"]
[EventDate "2003.02.10"]
[EventType "swiss"]
[EventRounds "9"]
[EventCountry "RUS"]
[SourceTitle "CBM 094"]
[Source "ChessBase"]
[SourceDate "2003.05.26"]
[SourceVersion "1"]
[SourceVersionDate "2003.05.26"]
[SourceQuality "1"]

1. e4 e6 2. d4 d5 3. Nd2 Be7 4. Bd3 c5 5. dxc5 Nf6 6. Qe2 Nc6 7. Ngf3 Nb4 8. e5
Nd7 9. Nb3 Nxd3+ 10. Qxd3 (10. cxd3 a5 (10... Nxc5 $5) 11. Be3 (11. d4 a4 12.
Nbd2 b6 13. cxb6 Ba6 $44) 11... a4 12. Nbd4 Qa5+ 13. Qd2 {1-0 Cooper,L-Hanley,
C/Lichfield 2000/CBM 77 ext (45)} Nxc5 14. Qxa5 Rxa5 15. Ke2 Na6 16. Rhc1 Bd7
$14) 10... a5 (10... Nxc5 11. Nxc5 Qa5+ 12. Bd2 Qxc5 13. a3 Bd7 $11 {0-1
Tarakanov,M-Matveeva,S/Tomsk 1998/EXT 2000 (32)}) 11. Be3 (11. a4 $5 b6 $6 (
11... Nxc5 $4 12. Nxc5 Bxc5 13. Qb5+ $18) (11... Qc7 $5) 12. cxb6 Qxb6 13. Bd2
Nc5 14. Qd4 $16 {1-0 Sarkar,J-Pixton,A/Connecticut 2000/EXT 2001 (27). (26)})
11... a4 12. Nbd2 O-O 13. O-O Nxc5 14. Qd4 Bd7 15. Qg4 (15. b4 $5 axb3 16. axb3
Qc7 17. Bg5 $14) 15... Kh8 16. Rad1 Rc8 17. c4 $6 (17. Rfe1 $142 $11) 17... f5
$1 18. exf6 $6 {diese Öffnung der Stellung kommt den schwarzen Läufern
entgegen.} (18. Qd4 dxc4 19. Qxc4 Qe8 20. Bxc5 Bxc5 21. Qf4 $11 {/=/+}) 18...
Bxf6 19. cxd5 exd5 20. Qb4 Nd3 21. Qxb7 Bg4 22. h3 Bh5 23. Nb1 {dieser Rückzug
macht keinen glücklichen Eindruck. Guter Rat ist allerdings bereits teuer.}
Bxf3 24. gxf3 (24. Rxd3 Qe8 $40) 24... Rb8 (24... Qe8 $5 {kam ebenfalls stark
in Betracht, z.B.} 25. Qxd5 Nxb2 26. Rd2 Nc4 27. Re2 Qg6+ 28. Kh1 Ne5 $36) 25.
Qc6 Nb4 26. Qxa4 Qc8 27. Bf4 $6 {treibt den schwarzen Turm nur auf ein
besseres Feld} (27. Kg2 $142) 27... Rb6 28. Rfe1 $2 (28. Be3 $2 Qxh3 29. Bxb6
Be5 30. Rfe1 (30. f4 Qg4+ 31. Kh1 Qxf4 $19) 30... Bh2+ 31. Kh1 Bc7+ 32. Kg1
Qh2+ 33. Kf1 Bxb6 $19) (28. Kg2 {war besser, aber die weiße Stellung macht
auch dann keinen vertrauenswürdigen Eindruck.}) 28... Bh4 $1 $19 {[%cal Gf8f3,
Gb6g6,Gc8h3] danach schlägt der schwarze Angriff durch} 29. Kg2 Qf5 30. Rd4 (
30. Bg3 Qxf3+ 31. Kh2 Bxg3+ 32. fxg3 Qf2+ 33. Kh1 Rh6 $19) 30... Nc2 31. Re8 (
31. Re5 Rg6+ 32. Kf1 Qxh3+ 33. Ke2 Nxd4+ 34. Qxd4 Rg2 $19) 31... Nxd4 (31...
Qg6+ 32. Bg3 Rxe8 33. Rxh4 Ne3+ $19) 32. Rxf8+ Qxf8 33. Qxd4 Rb4 (33... Rb4 34.
Qxd5 Qxf4 $19) 0-1

[Event "Griesheim GM 3rd"]
[Site "Griesheim"]
[Date "2003.02.03"]
[Round "6"]
[White "Galdunts, Sergey"]
[Black "Kritz, Leonid"]
[Result "1-0"]
[WhiteElo "2487"]
[BlackElo "2484"]
[Annotator "Mueller,Karsten"]
[PlyCount "99"]
[EventDate "2003.01.29"]
[EventType "tourn"]
[EventRounds "9"]
[EventCountry "GER"]
[EventCategory "11"]
[SourceTitle "CBM 094"]
[Source "ChessBase"]
[SourceDate "2003.05.26"]
[SourceVersion "1"]
[SourceVersionDate "2003.05.26"]
[SourceQuality "1"]

1. e4 e6 2. d4 d5 3. Nd2 Be7 4. Bd3 c5 5. dxc5 Nf6 6. Qe2 Nc6 7. Ngf3 Bxc5 8.
O-O Qc7 9. a3 O-O 10. e5 (10. b4 Nd4 11. Nxd4 Bxd4 12. Rb1 Bd7 13. c4 Rac8 14.
Bb2 Bxb2 15. Rxb2 $11 {1/2-1/2 Howell,J-Hausner,I/Pardubice 1994/EXT 97 (28). 
(28)}) (10. exd5 $6 exd5 11. Nb3 Bd6 12. h3 Re8 13. Qd1 Ne4 $11 {/=/+ 1/2-1/2
Janocha,W-Owczarzak,J/Lubniewice POL 2002/The Week in Chess 423 (46)}) 10...
Ng4 11. b4 Be7 12. Bb2 f6 $5 13. exf6 Bxf6 14. Bxf6 gxf6 15. h3 Nd4 16. Bxh7+ (
16. Nxd4 $4 Qh2#) 16... Kh8 (16... Qxh7 $2 17. Nxd4 $16) (16... Kxh7 $2 17.
Qd3+ Kg7 18. Qxd4 $16) 17. Qd1 Nxf3+ 18. Nxf3 Nxf2 (18... Qxh7 {wird mit} 19.
hxg4 Kg7 20. g3 Rh8 21. Nh4 {beantwortet.}) 19. Rxf2 Qxh7 20. Ne5 Bd7 21. Qf1
Bb5 22. c4 Bxc4 $2 (22... Qg7 $142 $11) 23. Nxc4 $16 dxc4 24. Qxc4 e5 25. Raf1
f5 $2 (25... Qh6 26. Qd5 Rab8 27. Rf5 Qh4 28. Qf3 Kg7 29. Rh5 Qf4 $16) 26. Qe6
$18 Rae8 27. Rxf5 $1 Rxe6 28. Rxf8+ Qg8 29. R1f7 Ra6 (29... Qxf8 30. Rxf8+ Kg7
31. Rb8 Re7 32. Kf2 $18) 30. Rxg8+ Kxg8 31. Rxb7 Rxa3 32. Re7 Rb3 33. Rxe5 Rxb4
34. Ra5 Rb7 35. Kh2 Kg7 36. Ra6 $1 {[%mdl 4096] Schwarz ist nicht in der Lage,
den langsamen weißen Vormarsch am Königsflügel aufzuhalten, weil er viel zu
passiv steht.} Rc7 37. h4 Rb7 38. Kh3 Rb3+ 39. g3 Rb7 40. h5 Kh7 41. Kh4 Rc7
42. g4 Rb7 43. Ra4 Kg7 44. Ra1 Kh7 45. Ra6 Rc7 46. h6 Rc1 47. Kh5 Rc7 48. g5
Rb7 49. Ra5 Kg8 50. Re5 (50. Re5 Kf7 51. Rf5+ Kg8 (51... Ke6 52. Rf1 Rf7 53.
Rxf7 Kxf7 54. g6+ Kf6 55. h7 Kg7 56. Kg5 a5 57. Kf5 a4 58. Ke6 a3 59. h8=Q+
Kxh8 60. Kf7 a2 61. g7+ Kh7 62. g8=Q+ Kh6 63. Qg6#) 52. g6 Rb8 53. h7+ Kg7 54.
Rf7+ Kh8 55. Kh6 $18) 1-0

[Event "ARM-ch"]
[Site "Yerevan"]
[Date "1999.10.22"]
[Round "7"]
[White "Yegiazarian, Arsen"]
[Black "Lputian, Smbat G"]
[Result "1/2-1/2"]
[WhiteElo "2504"]
[BlackElo "2625"]
[Annotator "Mueller,Karsten"]
[PlyCount "142"]
[EventDate "1999.10.16"]
[EventType "tourn"]
[EventRounds "11"]
[EventCountry "ARM"]
[EventCategory "10"]
[SourceTitle "CBM 074"]
[Source "ChessBase"]
[SourceDate "2000.02.01"]
[SourceVersion "1"]
[SourceVersionDate "2000.02.01"]
[SourceQuality "1"]

1. e4 e6 2. d4 d5 3. Nd2 Be7 4. Ngf3 Nf6 5. Bd3 c5 6. exd5 Qxd5 7. dxc5 Qxc5 8.
O-O Nbd7 9. Qe2 (9. a3 Qc7 10. c4 b6 11. b4 Bb7 12. Re1 O-O 13. Qb3 Rad8 14.
Bb2 $14 {1-0 Wahls,M-Hausner,I/BL8889 1989/BL 80 (62)}) (9. Nb3 Qc7 10. Bg5 b6
11. Qe2 Bb7 12. Nbd4 O-O 13. c3 Rfe8 14. Rfe1 a6 15. Bc2 $14 {1-0 Ochoa de
Echaguen,F-Comas Fabrego,L/ESP-chT 1990/EXT 90ch (25)}) 9... O-O (9... a6 10.
Ne4 Qc7 11. Bg5 $14 {1-0 Hoffmann,M-Salmensuu,O/Budapest HUN 1999 (41)}) 10.
Ne4 Qc7 11. Bg5 b6 12. Bh4 (12. Nxf6+ Nxf6 13. Bxf6 Bxf6 14. Qe4 g6 15. Qxa8
Bb7 16. Qxa7 Ra8 17. Qxa8+ Bxa8 $132) 12... Bb7 13. Rad1 Nc5 14. Bg3 (14. Nxf6+
Bxf6 15. Bxf6 gxf6 $13) 14... Qc6 15. Ne5 Qc8 16. Nxf6+ Bxf6 (16... gxf6 $2 17.
Bh4 Qc7 (17... Kh8 18. Qh5 Nxd3 19. Rxd3 Be4 (19... Qxc2 20. Rg3 $18) 20. Rd7
$18) 18. Nd7 Nxd7 19. Qh5 f5 20. Bxe7 $18) 17. Bc4 a6 18. a3 b5 19. Ba2 Ne4 20.
Nd7 Qc6 (20... Bxb2 $6 21. Nxf8 Qxf8 (21... Nc3 22. Qh5 Qxf8 23. Rd7 $14) 22.
Rd7 Bc6 23. Rc7 Rc8 24. Rxc8 (24. Rxc6 Nxg3 25. Qxe6 Rxc6 26. Qxc6 Nxf1 27.
Kxf1 $11) 24... Qxc8 25. Qd3 $14) 21. Nxf6+ (21. Nxf8 $4 Nc3 22. Qf3 Ne2+ 23.
Kh1 Qxf3 24. gxf3 Bxf3#) 21... Nxf6 22. f3 Rfd8 23. c3 Qc5+ 24. Bf2 Qc7 25. Bd4
Nd5 26. Qf2 (26. f4 {kam auch in Betracht, denn} Nxf4 $2 {kann mit} 27. Qg4 {
beantwortet werden:} Rxd4 (27... Ng6 $2 28. Rxf7 Qxf7 29. Bxe6 $18) (27... e5
$2 28. Rxf4 $18) 28. Rxd4 Nd5 $16) 26... Rd7 (26... e5 27. Be3 Nxe3 28. Qxe3
$14) 27. Rfe1 Re8 28. Qh4 Qf4 29. Qh5 h6 30. Re4 Qg5 $5 31. Qxg5 hxg5 32. Bf2
Red8 33. Red4 (33. Rd2 $4 Nxc3 34. Rxd7 Rxd7 35. bxc3 Bxe4 $19) 33... f6 34. a4
Kf7 35. axb5 axb5 36. R4d2 Rc8 37. Bb1 Ra8 38. h4 gxh4 39. Bxh4 Bc6 40. Bf2 Rb7
41. Bc5 Rc8 42. Kf2 Be8 43. Bd4 b4 $1 $11 {/+/=} 44. cxb4 Ba4 45. Re1 Rxb4 46.
Be4 Rcc4 47. Bxd5 exd5 48. Bc3 Rb5 49. g4 Bb3 50. Rh1 Rb7 51. Rh8 (51. Rxd5 $4
Rxc3 $19) 51... Rc6 52. Kg3 Re6 53. Bd4 Bc4 54. Rdh2 Rb3 55. Bc3 d4 $5 (55...
Re3 56. Rd8 $14) 56. Bxd4 Rd3 57. Rd8 Bb5 58. Rc2 Rc6 59. Rf2 Bc4 60. Rc2 $6 (
60. Rh2 $142 $5 $14) 60... Bd5 $1 $11 61. Rxc6 Rxf3+ 62. Kh2 Bxc6 63. Rd6 Ba4
64. Ra6 Bd7 65. Ra7 Ke8 66. g5 Rf4 67. Be3 Rb4 68. Ra8+ Kf7 69. Rf8+ Kg6 (69...
Kxf8 70. Bc5+ Kf7 71. Bxb4 fxg5 72. Kg3 $11) 70. gxf6 Rxb2+ 71. Kg3 Rb3 (71...
Rb3 72. fxg7 Kxg7 73. Rf3 $11 {denn} Bc6 $4 {ginge wegen} 74. Bd4+ {nach
hinten los.}) 1/2-1/2